Mean Girls Cliques - Statistics

General Stats
  • This quiz has been taken 202 times
  • The average score is 4 of 14
Answer Stats
Hint Answer % Correct
14 The Plastics
93%
6 Cool Asians
51%
5 Asian nerds
37%
9 Girls who eat their feelings
35%
13 Sexually active band geeks
33%
7 Varsity jocks
33%
10 Girls who don't eat anything
29%
4 JV jocks
29%
8 Unfriendly Black hotties
24%
12 Burnouts
23%
11 Desperate wannabes
16%
3 Preps
13%
1 Freshmen
8%
2 ROTC Guys
8%
No matching quizzes found
Score Distribution
Percent of People with Each Score
Percentile by Number Answered
Your Score History
You have not taken this quiz